1625 1519 1575 1756 1289 1092 1274 1382 1244 1042 1285 1161 1000 1512 1873 1498 1454 1299 1688 1372 1416 1791 1793 1384 1004 1503 1077 1193 1677 1550 1490 1047 1065 1973 1403 1731 1810 1510 1695 1639 1320 1989 1805 1476 1888 1031 1074 1321 1426 1894 1638 1648 1147 1049 1051 1540 1830 1771 1712 1115 1273 1976 1226 1487 1590 1482 1006 1676 1288 1995 1413 1712 1064 1877 1729 1375 1138 1348 1648 1016 1216 1466 1628 1376 1866 1255 1907 1521 1448 1747 1389 1178 1472 1892 1361 1357 1406 1801 1964 BCNSPRNW ULIB Ver.6.0+V

เปลี่ยนเป็นภาษาไทย

Change to English
 แสดงรายละเอียดบรรณานุกรม
  กลับหน้าหลัก

Brief Record : Get Marc (ISO 2709) : E-mail record : QR code < ปิดหน้าต่าง
LEADER : 00000nam 2200000uu 4500
001    13399123370
003     ULIB
008    140827s2550||||th 000 0 tha d
099    วจ WQ240^bอ496ก
100 0  อัจฉโรบล แสงประเสริฐ
245 00 ภาวะความดันโลหิตสูงในสตรีตั้งครรภ์บทบาทพยาบาล/^cอัจฉโรบล แสงประเสริฐ
260    นครสวรรค์ :^bวิทยาลัยพยาบาลบรมราชชนนี สวรรค์ประชารักษ์ นครสวรรค์,^c2550
300    91 หน้า
650  0 ภาวะความดันโลหิตสูงในสตรีตั้งครรภ์
945    ^p0^l0^i021884
999    ^aเกษร โพธิ์สุวรรณ
รายการนี้ยังไม่มีแท็ก
คุณยังไม่ได้ล็อกอิน คุณสามารถมีกิจกรรมร่วมกับเว็บไซต์ได้ แต่ต้องล็อกอินก่อน ::
  ล็อกอิน

รายการสื่อสารสนเทศ

ลำดับที่ ประเภท เลขเรียก/บาร์โค้ด สถานที่ สถานะ
1. งานวิจัย
งานวิจัย
วจ WQ240 อ496ก ฉ.1 
  Barcode: 021884
ห้องสมุดวิทยาเขตสวรรค์ประชารักษ์
►วิจัย
บนชั้น

รายการใกล้เคียง
    ผู้แต่ง [อัจฉโรบล แสงประเสริฐ]

BibComment


ยังไม่เคยถูกคอมเมนท์

คอมเมนท์ทรัพยากรรายการนี้
  คอมเมนท์: ภาวะความดันโลหิตส..


 Copyright 2026. Bcnsprnw @Library